000
00288nam a2200109Ia 4500
008
220204s9999 xx 000 0 und d
082
_a
330.35
_b
MUR
100
_a
MURANJAN, S K
245
0
_a
Reflections on economic growth and progress
260
_a
Poona
_b
Gokhale Inst
_c
1956
942
_c
BK
999
_c
20064
_d
20064